00390nam a2200133Ia 4500008004100000020001500041041001200056082001600068100001800084245010500102260002500207300000800232650001600240221030s9999 xx 000 0 und d a8120305086 aEnglish a105.23bTri aK. S. Trivedi 0aProbability & Statistics with Reliability, Queuing & Computer Science Applicationscby K. S. Trivedi bPHIaNew Delhic2001 a624 aBE Computer